The Epistle to the Romans. (Record no. 430)

000 -LEADER
fixed length control field 00680nam a2200205 a 4500
001 - CONTROL NUMBER
control field :::00013584$&:&@@
003 - CONTROL NUMBER IDENTIFIER
control field OkBaRHE
005 - DATE AND TIME OF LATEST TRANSACTION
control field 20100324120619.0
008 - FIXED-LENGTH DATA ELEMENTS--GENERAL INFORMATION
fixed length control field s1963 j 000 0 eng u
040 ## - CATALOGING SOURCE
Transcribing agency
100 1# - MAIN ENTRY--PERSONAL NAME
Personal name Richardson, John R., and Chamblin, Knox.
245 14 - TITLE STATEMENT
Title The Epistle to the Romans.
260 ## - PUBLICATION, DISTRIBUTION, ETC. (IMPRINT)
Place of publication, distribution, etc Grand Rapids, MI., :
Name of publisher, distributor, etc Baker Book House
Date of publication, distribution, etc 1963
300 ## - PHYSICAL DESCRIPTION
Extent 166 p. ;
Dimensions 21 cm.
490 0# - SERIES STATEMENT
Series statement Proclaiming the New Testament.
650 ## - SUBJECT ADDED ENTRY--TOPICAL TERM
Topical term or geographic name as entry element Bible New Testament Romans
General subdivision Commentaries
700 ## - ADDED ENTRY--PERSONAL NAME
Personal name Chamblin, Knox, Joint author.
942 ## - ADDED ENTRY ELEMENTS (KOHA)
Source of classification or shelving scheme
Koha item type Books
Copies
Date acquired Collection code Koha item type Price effective from Barcode Copy number Permanent Location Shelving location Source of classification or shelving scheme Withdrawn status Date last seen Damaged status Full call number Not for loan Lost status
2010-04-14ReferenceBooks2010-04-14135841RHEMA Bible Training CollegeGeneral Stacks  2018-03-28 BS 2665.5 .R5